000 00660nam a2200217Ia 4500
005 20260601193256.0
008 260601s9999||||xx |||||||||||||| ||und||
020 _a978-3-031-71210-4
_qebk
100 _aMike Preuss
245 0 _aDisinformation in Open Online Media
250 _a2024
260 _aHeidelberg, Germany
_bSpringer Nature
_c2024
440 _aLecture Notes in Computer Science
650 _aComputer Science
700 _aAgata Leszkiewicz
700 _aJean-Christopher Boucher
700 _aLucas Stampe
700 _aOfer Fridman
856 _uhttps://link.springer.com/openurl?genre=book&isbn=978-3-031-71210-4
942 _cEB
_2ddc
999 _c56860
_d56860